000 00392nam a2200157Ia 4500
008 220204s9999 xx 000 0 und d
082 _a630*8
_bDES
100 _aDesch, H E
245 0 _aTimber: Its structure and properties
250 _aEd.3
260 _aLondon
_bMacmillan
_c1962
650 _aWood preservation
650 _aWood seasoning
650 _aWood structures
942 _cBK
999 _c20821
_d20821